000 00801nam a2200205Ia 4500
999 _c36243
_d36243
001 2146
003 GE_BSU
005 20221021105113.0
008 181216s1983ru xx |||||||||||||| ||rus||
040 _cGE_BSU
041 _arus
080 _a2(5(09) В-19
100 _aВасильев, Л.С.
_915411
245 _aИстория религии востока. (Религиозно-Культурные традиции и общество.
_bУчебник для студ. вузов обучающихся по спец ,,История "/
_c Л.С. Васильев.
264 _aМосква :
_bВысшая школа,
_c1978.
300 _a376 с.:
_b 21 см.
653 _aИстория религии
653 _aრელიგიის ისტორია
942 _cBK
_2udc